00489nam a22001697a 450000500170000001000150001702000260003203500140005803700130007208200110008510000210009624500810011726000420019827000400024030000200028050000190030020231212123818.0 aENG-119070 c390.00a9788170175476 aEN-102602 bDBAD/PUB a954.03 aMassey, Reginald aShaheed Bhagat Singh:band the forgotten Indian martyrs/cBy Reginald Massey aNew DelhibAbhinav Publicationsc2013 aE-37 , Hauz KhasbNew Delhie110016 a232p.c22cm(Hb) aIncludes index